LES 10 MEILLEURS BUTEURS DE LA LIGUE DES NATIONS 24/25 - Statistiques

Statistiques générales
  • Ce quiz a été pris 47 fois
  • Le résultat moyen est 2 sur 10
Statistiques - réponses
CLASSEMENT JOUEURS % Correct
2 RONALDO (8)
98%
3 HAALAND (7)
24%
1 GYOKERES (9)
22%
10 ISAK (4)
17%
9 SESKO (5)
12%
4 MIKAUTADZE (7)
5%
8 AKTÜRKOGLU (5)
0%
5 MARIN (6)
0%
6 MURIQI(5)
0%
7 ÓSKARSSON (5)
0%
Aucun quiz correspondant
Distribution des résultats
% des personnes avec chaque résultat
Percentile par nombre de réponses
Votre historique - résultats
Vous n’avez pas pris ce quiz